000 00462nam a2200193Ia 4500
005 20240823051202.0
008 240823s9999||||xx |||||||||||||| ||und||
020 _a978-81-264-3282-0
041 _aMALAYALAM
082 _A158.1 Q2
100 _aT J J
245 0 _aSubhachinthakal Mikacha Perumattasheelangalkku
250 _a1st
260 _c2012
_b"D C Books,Kot"
500 _aYES
650 _aMotivation
_bGeneral
942 _cBK
999 _c218990
_d218990